000 00327 a2200121 4500
001 ART_44144
005 20260410161629.0
008 260409a
245 1 0 _aAnálisis de las disponibilidades
100 1 _aTapia, Gustavo N.
700 1 _aAire, Carlos
773 0 _tEnfoques
_g- Nº 10 (oct. 2017)
_wREV416
999 _c12315
_d12315